000 00829nam a22002657a 4500
001 631
005 20231116142435.0
020 _a9780531281055 (pbk.)
020 _a0531281051 (pbk.)
040 _aFISKH
_beng
_cFISKH
_dFISKH
050 _aGC21.B46
082 _a578.77
100 _aBenoit, Peter.
_d1955-
245 _aA true book /
_bOceans
_cby Benoit, Peter.
260 _aGuangdong :
_bScholastic ;
_c2011.
300 _a48 pages ;
_bcolor illustrations ;
_c22 cm.
490 _aA true book
505 _aQ
520 _aExplores oceans, discusses how they affect the climate, and describes the variety of life forms found there.
521 _a930
_bLexile
521 _aQ
_bRaz-Plus
650 _vJuvenile literature
_yOceanography
650 _aOcean
_vJuvenile literature
942 _2ddc
_cBK
_n0
999 _c631
_d631